000 005020000a22001930004500
020 _a0-87808-255-7
041 0 _aENG
082 0 4 _aG 266 H161o
100 1 _aHale, Thomas (1937-)
245 1 0 _aOn being a missionary / Thomas Hale
260 _aPasadena, CA., USA : William Carey
300 _a422 Pag
650 1 4 _aMISIONEROS \ MISIONES - NEPAL
001 7240
942 _cBK
999 _c37457
_d37457
336 _atexto
_btxt
_2rdacontent
337 _2rdamedia
_asin mediación
_bn
338 _2rdacarrier
_avolumen
_bnc